Largest Counties that Voted for Trump in 2024 - Statistics

General Stats
  • This quiz has been taken 68 times
    52 since last reset
  • The average score is 15 of 20
Answer Stats
Population State County % Correct
2,686,867 FL Miami-Dade (Miami)
100%
4,585,871 AZ Maricopa (Phoenix)
98%
1,017,162 CA Fresno
83%
808,866 OK Oklahoma
83%
2,418,185 CA Riverside
83%
2,195,611 CA San Bernardino
83%
2,182,947 TX Tarrant (Fort Worth)
83%
1,030,822 FL Duval (Jacksonville)
80%
1,381,715 NY Nassau (Hempstead)
78%
1,535,564 FL Hillsborough (Tampa)
73%
913,820 CA Kern (Bakersfield)
73%
1,523,170 NY Suffolk (Brookhaven)
71%
1,195,359 TX Collin (Plano)
63%
1,007,703 TX Denton
63%
834,573 FL Lee (Fort Myers)
63%
875,101 MI Macomb (Warren)
61%
800,965 CA San Joaquin (Stockton)
61%
818,330 FL Polk (Lakeland)
59%
961,596 FL Pinellas (St. Petersburg)
51%
898,471 TX Hidalgo (McAllen)
46%
No matching quizzes found
Score Distribution
Percent of People with Each Score
Percentile by Number Answered
Your Score History
You have not taken this quiz since the last reset